000 00513nam a2200181 a 4500
001 7100
003 CO-ViMGA
008 141112s2004 ck r 000 u spa d
040 _aCO-ViMGA
_bspa
_cCO-ViMGA
082 0 4 _a694.2 L378
100 1 _aLesur Esquivel, Luis
_95212
245 1 0 _aManual de carpintería :
_blas herramientas de banco
260 _aMexico :
_bTrillas,
_c1992
300 _a152 p : il
490 _aCómo hacer bien fácilmente
650 1 4 _aCARPINTERIA - HERRAMIENTAS
_96197
942 _2ddc
_cBK
999 _c19065
_d19065